000 004480000a22001810004500
003 LK-CoMWRAF
008 230817t ||||| |||| 00| 0 eng d
020 _a8188936022
040 _aLK-CoMWRAF
_dLK-CoMWRAF
_eLK-CoMWRAF
041 _aeng
082 _a800
_bEMB
245 _aEmbroidery Designs
_b
260 _bFashion & Arts Communications
_aDelhi
_c
300 _ap.16
490 _aDesign No.02
650 _aTraining Materials
942 _cBK
999 _c1310
_d1310